000 00663nam a2200217Ia 4500
005 20220216145614.0
008 210716s2003 xx 000 0 und d
020 _a9789350247365
040 _cAIMIT LIBRARY
041 _aeng
082 _a658.804
_21
_bJHAS
100 _aJha, S M.
_920305
245 _aServices marketing /
_cBy S. M. Jha.
250 _a1st ed.
260 _aBangalore :
_bHimalaya Publishing House ,
_c2003.
300 _aXvi, 783p. ;
_c28 cm.
650 _aPortfolio services marketing
_920306
650 _aAutomobile services marketing
_920307
650 _aMASS communication marketing
_920308
942 _2ddc
_cBK
_e1st
_k658.804 JHAS
999 _c206397
_d206397